[Event "AUTO-INT-105"]
[Site "http://www.queenalice.com/game.php?id=108202"]
[Date "2006.9.20"]
[Round "2"]
[White "romanopff"]
[Black "SandroChaves"]
[Result "1/2-1/2"]
[WhiteElo "1469"]
[BlackElo "1630"]

1. d4 g6 2. e4 Bg7 3. c3 e6 4. Bb5 a6 5. Ba4 b5 6. Bc2 d5 7. Nf3 Qd6 8. O-O Nh6
9. e5 Qe7 10. Bg5 Qf8 11. h3 b4 12. a3 bxc3 13. Nxc3 f6 14. exf6 Bxf6 15. Bxf6
Qxf6 16. Ba4+ Bd7 17. Qd2 g5 18. Nxg5 Rg8 19. f4 Nc6 20. Bxc6 Bxc6 21. Nxh7 Qg7
22. Ng5 Qg6 23. Rae1 e5 24. fxe5 Nf5 25. h4 O-O-O 26. Qd3 Nxh4 27. Qh3+ Kb7 28.
Qxh4 Qxg5 29. Qxg5 Rxg5 30. e6 Rg4 31. e7 Rdg8 32. Rf2 R4g7 33. Kf1 Rh7 34. Rf8
Rg4 35. e8=Q Bxe8 36. Rfxe8 Rf7+ 37. Ke2 Rxg2+ 38. Kd1 c6 39. b3 Rg4 40. R8e7+
Rxe7 41. Rxe7+ Kb6 42. Ke2 Rxd4 43. Ke3 Rh4 44. Re6 d4+ 45. Kd3 1/2-1/2

[Event "AUTO-INT-105"]
[Site "http://www.queenalice.com/game.php?id=108203"]
[Date "2006.9.20"]
[Round "2"]
[White "SandroChaves"]
[Black "romanopff"]
[Result "1-0"]
[WhiteElo "1591"]
[BlackElo "1457"]

1. e4 e5 2. Nf3 Nc6 3. Bd3 d5 4. Qe2 dxe4 5. Qxe4 Nf6 6. Qe3 Bd6 7. Qg5 e4 8.
Qxg7 Rf8 9. Bxe4 h5 10. d3 Bg4 11. Bg5 Bxf3 12. Bxf3 Rg8 13. Qh6 Bf8 14. Qxf6
Qxf6 15. Bxf6 Bb4+ 16. c3 Be7 17. Bxe7 Nxe7 18. Bxh5 Rg5 19. g4 Rxg4 20. Bxg4 f5
21. Bh3 O-O-O 22. Kd2 Kb8 23. Re1 Nd5 24. Bxf5 Rf8 25. Na3 a6 26. Re5 Nf4 27.
Rg1 b5 28. Ke3 Nh5 29. Rg6 Ka7 30. c4 b4 31. Nc2 1-0

[Event "AUTO-INT-192"]
[Site "http://www.queenalice.com/game.php?id=112019"]
[Date "2006.10.1"]
[Round "1"]
[White "romanopff"]
[Black "stonehengedog"]
[Result "0-1"]
[WhiteElo "1444"]
[BlackElo "1726"]

1. e4 c5 2. e5 d6 3. d4 cxd4 4. Qxd4 Nc6 5. Qa4 dxe5 6. c3 Bd7 7. Qb3 Qc7 8. Bc4
e6 9. Nh3 Na5 10. Qd1 Nxc4 11. O-O Be7 12. a4 Nf6 13. Nd2 Nxd2 14. Bxd2 O-O 15.
Re1 Rfd8 16. f3 Rac8 17. a5 Bd6 18. g3 Bc5+ 19. Be3 Bxe3+ 20. Rxe3 Bc6 21. Qc2
Nd5 22. Re2 Bb5 23. Ree1 f6 24. b3 Qxc3 25. Qb1 Qxf3 26. Rf1 Qxf1+ 27. Qxf1 Bxf1
28. Rxf1 Rc2 29. Nf2 Ne3 30. Re1 Nf5 31. Kg2 Rdd2 0-1

[Event "AUTO-INT-192"]
[Site "http://www.queenalice.com/game.php?id=112020"]
[Date "2006.10.1"]
[Round "1"]
[White "stonehengedog"]
[Black "romanopff"]
[Result "1/2-1/2"]
[WhiteElo "1710"]
[BlackElo "1470"]

1. d4 d5 2. c4 e5 3. dxe5 dxc4 4. Qxd8+ Kxd8 5. e4 f6 6. exf6 gxf6 7. Bxc4 Bb4+
8. Bd2 Bxd2+ 9. Nxd2 a6 10. O-O-O Bd7 11. Ngf3 Nc6 12. Bxg8 Rxg8 13. g3 f5 14.
exf5 Bxf5 15. Nc4+ Ke7 16. Rhe1+ Kf6 17. Nd4 Rad8 18. Nxf5 Kxf5 19. Rxd8 Rxd8
20. Rd1 Re8 21. Rd2 Re1+ 22. Kc2 1/2-1/2

[Event "AUTO-INT-192"]
[Site "http://www.queenalice.com/game.php?id=112021"]
[Date "2006.10.1"]
[Round "1"]
[White "romanopff"]
[Black "tubarov"]
[Result "0-1"]
[WhiteElo "1469"]
[BlackElo "1580"]

1. e4 d6 2. d4 Nf6 3. Nc3 g6 4. Nf3 Bg4 5. h3 Bd7 6. Bc4 e6 7. e5 d5 8. Bb5 Bb4
9. Bxd7+ Nbxd7 10. exf6 Bxc3+ 11. bxc3 h6 12. Ba3 Qxf6 13. Rb1 O-O-O 14. O-O g5
15. Qd2 Rhg8 16. Rfe1 g4 17. hxg4 Rxg4 18. g3 Qxf3 19. Re3 Qf4 20. Kf1 Rxg3 21.
Ke1 Rg1+ 22. Ke2 Rxb1 23. Re4 Qxe4+ 24. Qe3 Qxe3+ 25. fxe3 Re8 26. Kd2 Nb6 27.
c4 Nxc4+ 28. Kd3 Nxa3 29. e4 dxe4+ 30. Kxe4 Nxc2 31. a4 Rb4 32. a5 Nxd4 33. Ke5
Rb5+ 34. Kxd4 Rxa5 35. Kc4 Rd8 36. Kb4 Rdd5 0-1

[Event "AUTO-INT-192"]
[Site "http://www.queenalice.com/game.php?id=112022"]
[Date "2006.10.1"]
[Round "1"]
[White "tubarov"]
[Black "romanopff"]
[Result "1-0"]
[WhiteElo "1594"]
[BlackElo "1368"]

1. c4 e5 2. g3 d6 3. Bg2 Bg4 4. Bxb7 Nd7 5. Bxa8 Qxa8 6. f3 Be6 7. d3 Be7 8. Nc3
h6 9. Be3 Qb7 10. Qb3 Qxb3 11. axb3 f6 12. Rxa7 c6 13. Bf2 Nc5 14. Bxc5 dxc5 15.
h4 h5 16. e4 f5 17. Nge2 Nh6 18. Ra8+ Bd8 19. Na4 O-O 20. Nxc5 Bf7 21. Nb7 Bb6
22. Rxf8+ Kxf8 23. c5 Ba7 24. O-O Bxb3 25. Ra1 Bxc5+ 26. Nxc5 Bf7 27. Nd7+ Ke8
28. Nxe5 c5 29. Ra8+ Ke7 30. Ra7+ Kf6 31. Nd7+ Ke7 32. Nxc5+ Kd6 33. b4 Kc6 34.
Nd4+ Kd6 35. Nxf5+ Nxf5 36. exf5 Bd5 37. Rd7+ Kc6 38. Rxd5 Kxd5 39. Ne6 g6 40.
Nf4+ Ke5 41. Nxg6+ Kd4 42. f6 Kxd3 43. f7 Ke3 44. f8=Q Ke2 45. b5 Ke3 46. Qf4+
Ke2 47. b6 Ke1 48. b7 1-0

[Event "AUTO-INT-192"]
[Site "http://www.queenalice.com/game.php?id=112023"]
[Date "2006.10.1"]
[Round "1"]
[White "romanopff"]
[Black "Polux"]
[Result "0-1"]
[WhiteElo "1480"]
[BlackElo "1485"]

1. d4 d5 2. Bg5 f6 3. Bh4 g5 4. Bg3 Nc6 5. e3 Nh6 6. f3 Bf5 7. Nc3 g4 8. a3 e5
9. dxe5 d4 10. exd4 Nxd4 11. exf6 Nxc2+ 12. Kf2 Nxa1 13. Qxa1 Qd2+ 14. Nce2 Bc5#
0-1

[Event "AUTO-INT-192"]
[Site "http://www.queenalice.com/game.php?id=112024"]
[Date "2006.10.1"]
[Round "1"]
[White "Polux"]
[Black "romanopff"]
[Result "1-0"]
[WhiteElo "1558"]
[BlackElo "1475"]

1. d4 d5 2. Bf4 e6 3. Nc3 Bd6 4. e3 Bxf4 5. exf4 Nc6 6. Nh3 h6 7. f5 exf5 8. Nf4
Be6 9. Nxe6 fxe6 10. Qh5+ Kd7 11. Qf7+ Qe7 12. Qh5 Nxd4 13. Qd1 Nc6 14. Bb5 a6
15. Bd3 g6 16. f4 Qh4+ 17. g3 Qe7 18. Be2 e5 19. Nxd5 Qd6 20. fxe5 Qxe5 21. Nb6+
Ke8 22. Nxa8 Nf6 23. Qd2 Kf7 24. Nxc7 Rd8 25. Qc3 Qxc7 26. Bc4+ Nd5 27. O-O-O
Ne7 28. Bxd5+ Rxd5 29. Qxc7 Rxd1+ 30. Rxd1 b5 31. Rd7 Kf6 32. Qd6+ Kg5 33. Qxe7+
Kg4 34. Rd3 g5 35. Qe2+ Kh3 36. Qh5+ Kg2 37. g4 fxg4 38. Qxg4+ Kf2 39. Qg3+ Ke2
40. Qg2+ 1-0

[Event "QA-ANNIV-02"]
[Site "http://www.queenalice.com/game.php?id=128211"]
[Date "2006.11.11"]
[Round "4"]
[White "paulove"]
[Black "romanopff"]
[Result "0-1"]
[WhiteElo "1810"]
[BlackElo "1439"]

1. e4 e5 2. Bc4 Nf6 3. Nc3 c6 4. d4 exd4 5. Qxd4 d5 6. exd5 cxd5 7. Bxd5 Be6 8.
Qa4+ Qd7 9. Qxd7+ Bxd7 10. Bxb7 Bc6 11. Bxa8 Bxa8 12. f3 Bb4 13. Bd2 Ng4 14.
Nge2 Bc5 15. Ne4 Bxe4 16. fxe4 Bf2+ 17. Kd1 Bc5 18. Kc1 Nf2 0-1

[Event "AUTO-INT-298"]
[Site "http://www.queenalice.com/game.php?id=149107"]
[Date "2007.1.2"]
[Round "1"]
[White "mardlucca"]
[Black "romanopff"]
[Result "1-0"]
[WhiteElo "1571"]
[BlackElo "1376"]

1. e4 e5 2. Nf3 Nc6 3. Bc4 Bb4 4. c3 Bc5 5. O-O d6 6. d4 Bb6 7. Ng5 exd4 8. Nxf7
Qf6 9. Nxh8 Nge7 10. Qh5+ g6 11. Qxh7 Be6 12. Bg5 Qxg5 13. Bxe6 1-0

[Event "AUTO-INT-298"]
[Site "http://www.queenalice.com/game.php?id=149108"]
[Date "2007.1.2"]
[Round "1"]
[White "romanopff"]
[Black "mardlucca"]
[Result "0-1"]
[WhiteElo "1385"]
[BlackElo "1562"]

1. d4 Nf6 2. Nf3 g6 3. Nc3 Bg7 4. e4 d6 5. Bf4 Bg4 6. Bb5+ c6 7. Bd3 Nbd7 8. h3
Bxf3 9. Qxf3 Qb6 10. b3 Qxd4 11. Bd2 Nc5 12. O-O Nfd7 13. Rad1 Ne5 14. Qg3 Nexd3
0-1

[Event "AUTO-INT-298"]
[Site "http://www.queenalice.com/game.php?id=149125"]
[Date "2007.1.2"]
[Round "1"]
[White "romanopff"]
[Black "joffly"]
[Result "0-1"]
[WhiteElo "1429"]
[BlackElo "1634"]

1. e4 c5 2. Bb5 e5 3. Nf3 a6 4. Ba4 b5 5. Bb3 c4 6. Nxe5 cxb3 7. cxb3 Bd6 8. d4
Bxe5 9. dxe5 Bb7 10. Qe2 Ne7 11. O-O O-O 0-1

[Event "QA-ANNIV-02"]
[Site "http://www.queenalice.com/game.php?id=150533"]
[Date "2007.1.5"]
[Round "5"]
[White "romanopff"]
[Black "michas"]
[Result "0-1"]
[WhiteElo "1462"]
[BlackElo "1754"]

1. Nf3 h5 2. g3 e6 3. h4 b6 4. Bg2 Bb7 5. d3 Nf6 6. Bg5 Be7 7. O-O Nh7 8. Bxe7
Qxe7 9. Ne1 Bxg2 10. Nxg2 g5 11. e4 Nf8 12. a3 gxh4 13. Nxh4 Qg5 14. b4 Ng6 15.
Nxg6 fxg6 16. f4 Qxg3+ 17. Kh1 h4 18. Qf3 Qxf3+ 0-1